000 00770nam a2200241Ia 4500
003 OSt
005 20220926005416.0
006 a|||||r|||| 00| 0
007 ta
008 220923b |||||||| |||| 00| 0 eng d
020 _a9789383166251
_c850.00
037 _b255, 11/03/2019, CLASSIC BOOKS SERVICES
_cGeneral Book
040 _aRTL
_cRTL
_beng
041 _2eng
_aeng
082 _aY9(T).2, Q8
100 _aRAMACHANDRAN Vimala
245 0 _aInside Indian schools
_b The Enigma of equity and quality.
260 _a New Delhi
_bSocial Science Press
_c2018
300 _axx, 271p
_ccm.
650 _aSociology
942 _hY9(T).2, Q8
_cGB
_2CC
999 _c613727
_d613727